[Event "Oregon Closed Championship"]
[Site "Portland, OR"]
[Date "2018.09.23"]
[Round "9.5"]
[White "Haessler, Carl A"]
[Black "McCoy, Owen"]
[Result "1/2-1/2"]
[WhiteElo "2200"]
[BlackElo "2203"]
[PlyCount "74"]
[EventDate "2018.09.14"]
[EventType "tourn"]
[EventRounds "9"]
[EventCountry "USA"]
[SourceDate "2018.10.18"]

1. e4 c5 2. Na3 Nc6 3. Bb5 Qc7 4. Nf3 Nf6 5. Qe2 a6 6. Bxc6 Qxc6 7. d3 e6 8.
O-O Be7 9. Bg5 h6 10. Bh4 g5 11. Ne5 Qc7 12. Bg3 d6 13. Nec4 e5 14. c3 b5 15.
Ne3 Be6 16. Nf5 Bxf5 17. exf5 Qd7 18. d4 cxd4 19. cxd4 e4 20. f4 g4 21. Nc2 h5
22. Bh4 d5 23. Ne3 Ng8 24. Qf2 f6 25. a4 b4 26. Rfc1 Nh6 27. b3 Nxf5 28. Nxf5
Qxf5 29. Rc6 Kf7 30. Rac1 Rhc8 31. Qc2 Rxc6 32. Qxc6 Ra7 33. Bg3 e3 34. Qc2 Kg6
35. Qc6 Kf7 36. Qc2 Kg6 37. Qc6 Kf7 1/2-1/2

[Event "Oregon Closed Invitational"]
[Site "Portland, OR"]
[Date "2018.09.14"]
[Round "1.1"]
[White "Wu, Ethan"]
[Black "Tobin, Sean"]
[Result "1/2-1/2"]
[WhiteElo "1951"]
[BlackElo "2001"]
[PlyCount "87"]
[EventDate "2018.09.14"]
[EventType "tourn"]
[EventRounds "9"]
[EventCountry "USA"]
[SourceDate "2018.10.18"]

1. d4 Nf6 2. c4 g6 3. Nc3 Bg7 4. e4 d6 5. f4 O-O 6. Nf3 c5 7. d5 b5 8. cxb5 a6
9. bxa6 Qa5 10. Bd2 Bxa6 11. Bxa6 Qxa6 12. Qe2 c4 13. O-O Nbd7 14. Be3 Rac8 15.
Bd4 Qb7 16. Rab1 Nc5 17. Bxf6 exf6 18. Qxc4 f5 19. exf5 Na4 20. Qb3 Qa7+ 21.
Kh1 Nxc3 22. bxc3 Rxc3 23. Qb6 Qxa2 24. fxg6 hxg6 25. Qxd6 Rc2 26. Nh4 Rfc8 27.
Rb8 Bf8 28. Rxc8 Rxc8 29. Qe5 Bg7 30. Qe4 Rc4 31. Qe8+ Bf8 32. h3 Qa6 33. Qe2
Qa4 34. Qe5 Re4 35. Qg5 Be7 36. Qg4 Qc4 37. Rf3 Qc1+ 38. Kh2 Bc5 39. Qc8+ Kh7
40. Qd7 Bg1+ 41. Kg3 Qe1+ 42. Kg4 Re7 43. Qd6 Qe4 44. Kg3 1/2-1/2

[Event "Oregon Closed Invitational"]
[Site "Portland, OR"]
[Date "2018.09.14"]
[Round "1.2"]
[White "Sherrard, Jerry"]
[Black "Cosner, Karl"]
[Result "1-0"]
[WhiteElo "2042"]
[BlackElo "1995"]
[PlyCount "79"]
[EventDate "2018.09.14"]
[EventType "tourn"]
[EventRounds "9"]
[EventCountry "USA"]
[SourceDate "2018.10.18"]

1. e4 d5 2. exd5 c6 3. dxc6 Nxc6 4. Bb5 e5 5. Qe2 Bd6 6. d4 Nge7 7. dxe5 Bb8 8.
h3 O-O 9. Nf3 Qc7 10. O-O Ng6 11. Bxc6 bxc6 12. Re1 a5 13. Na3 Re8 14. Bd2 Ba6
15. Qe4 Bb7 16. Nc4 c5 17. Qf5 Bd5 18. Nd6 Nxe5 19. Rxe5 Rxe5 20. Nxe5 Qxd6 21.
Qc8+ Qf8 22. Qxf8+ Kxf8 23. Nd7+ Ke7 24. Nxc5 Be5 25. Re1 Kd6 26. Nd3 Bf6 27.
b3 g5 28. c4 Be6 29. g4 h5 30. f3 Bd4+ 31. Kg2 f6 32. Re4 Ba1 33. c5+ Kd5 34.
Ra4 Bd7 35. Rxa5 Rxa5 36. Bxa5 hxg4 37. hxg4 Bb5 38. Nf2 Kxc5 39. Ne4+ Kd5 40.
Bc3 1-0

[Event "Oregon Closed Invitational"]
[Site "Portland, OR"]
[Date "2018.09.14"]
[Round "1.3"]
[White "Shannon, Paul D"]
[Black "Rachmuth, Moshe"]
[Result "0-1"]
[WhiteElo "2000"]
[BlackElo "1920"]
[PlyCount "84"]
[EventDate "2018.09.14"]
[EventType "tourn"]
[EventRounds "9"]
[EventCountry "USA"]
[SourceDate "2018.10.18"]

1. e4 e5 2. Nf3 Nf6 3. d4 Nxe4 4. Bd3 d5 5. dxe5 Be7 6. Nbd2 Nc5 7. Be2 O-O 8.
O-O Ne6 9. Nb3 c5 10. c3 Nc6 11. Be3 b6 12. Qc2 Qc7 13. Rfe1 Bb7 14. Bf1 Rad8
15. Rad1 Rfe8 16. Bc1 h6 17. Qf5 Bf8 18. Nbd2 Bc8 19. Qc2 Nf4 20. Nb3 Ng6 21.
Bb5 Ngxe5 22. Nxe5 Rxe5 23. Bf4 Rxe1+ 24. Rxe1 Qxf4 25. Bxc6 Qc7 26. Bb5 Bb7
27. Bf1 Qd7 28. Qe2 Bc6 29. Nc1 Re8 30. Qd1 Rxe1 31. Qxe1 Qe6 32. Qd2 Bd6 33.
g3 d4 34. Bg2 Bxg2 35. Kxg2 dxc3 36. Qxc3 Qd5+ 37. Kh3 Qh5+ 38. Kg2 Qd5+ 39.
Kh3 Be5 40. Qc2 Qf3 41. Nd3 Bd4 42. b3 g5 0-1

[Event "Oregon Closed Invitational"]
[Site "Portland, OR"]
[Date "2018.09.14"]
[Round "1.4"]
[White "Deeth, Steven B"]
[Black "Nair, Roshen Sanjay"]
[Result "1/2-1/2"]
[WhiteElo "2019"]
[BlackElo "1953"]
[PlyCount "62"]
[EventDate "2018.09.14"]
[EventType "tourn"]
[EventRounds "9"]
[EventCountry "USA"]
[SourceDate "2018.10.18"]

1. d4 d5 2. c4 c6 3. Nc3 Nf6 4. e3 e6 5. Nf3 Nbd7 6. Bd3 Be7 7. O-O O-O 8. e4
dxe4 9. Nxe4 b6 10. Qe2 Bb7 11. Bf4 c5 12. dxc5 Nxc5 13. Nxc5 bxc5 14. Rfd1 Qb6
15. Rd2 Rfd8 16. Rad1 a5 17. h3 Rac8 18. Ne5 Qa6 19. Ng4 Qc6 20. f3 Qb6 21. Be5
Nxg4 22. hxg4 Bf6 23. Bxf6 gxf6 24. Qe3 Kg7 25. Be4 Bxe4 26. Qxe4 Rxd2 27. Rxd2
Rd8 28. Qc2 Qb4 29. Rxd8 Qe1+ 30. Kh2 Qh4+ 31. Kg1 Qe1+ 1/2-1/2

[Event "Oregon Closed Invitational"]
[Site "Portland, OR"]
[Date "2018.09.14"]
[Round "1.5"]
[White "Richardson, Ryan"]
[Black "Patel, Kian"]
[Result "1-0"]
[WhiteElo "2080"]
[BlackElo "2006"]
[PlyCount "117"]
[EventDate "2018.09.14"]
[EventType "tourn"]
[EventRounds "9"]
[EventCountry "USA"]
[SourceDate "2018.10.18"]

1. e4 c5 2. Nf3 d6 3. d4 cxd4 4. Nxd4 Nf6 5. Nc3 g6 6. Be3 Bg7 7. f3 O-O 8. Qd2
Nc6 9. Bc4 Bd7 10. O-O-O Rc8 11. Bb3 Ne5 12. Kb1 Nc4 13. Bxc4 Rxc4 14. g4 b5
15. b3 Rc5 16. Ne6 fxe6 17. Bxc5 dxc5 18. e5 Qa5 19. exf6 Bxf6 20. Ne4 Qxd2 21.
Nxf6+ Rxf6 22. Rxd2 Bc6 23. Re1 Bd5 24. Re3 Rf8 25. Rf2 g5 26. Kb2 Kg7 27. Rc3
Rc8 28. b4 c4 29. Ra3 Ra8 30. Ra5 a6 31. a4 Bc6 32. axb5 Bxb5 33. Ra3 e5 34.
Re3 Kf6 35. Kc3 Rd8 36. h4 h6 37. hxg5+ hxg5 38. Rd2 Rd6 39. Re1 Ke6 40. Rde2
Rd5 41. Rh1 Rd4 42. Re4 Rd5 43. Rh5 Kf6 44. Rh8 Kg7 45. Rc8 e6 46. Rc5 Kf6 47.
Re2 a5 48. Rxd5 exd5 49. bxa5 d4+ 50. Kb4 d3 51. cxd3 cxd3 52. Rd2 Ba6 53. Kc3
e4 54. fxe4 Ke5 55. Rxd3 Kxe4 56. Rd6 Bb7 57. a6 Ba8 58. a7 Kf3 59. Rd4 1-0

[Event "Oregon Closed Invitational"]
[Site "Portland, OR"]
[Date "2018.09.15"]
[Round "2.1"]
[White "Tobin, Sean"]
[Black "Richardson, Ryan"]
[Result "1/2-1/2"]
[WhiteElo "2001"]
[BlackElo "2080"]
[PlyCount "46"]
[EventDate "2018.09.14"]
[EventType "tourn"]
[EventRounds "9"]
[EventCountry "USA"]
[SourceDate "2018.10.18"]

1. f4 d5 2. e3 g6 3. d4 Bg7 4. Bd3 Nh6 5. Nf3 O-O 6. Nbd2 Bf5 7. Nf1 Nd7 8. Ng3
Bxd3 9. Qxd3 Nf6 10. h4 Qc8 11. Bd2 Nf5 12. Nxf5 Qxf5 13. Qxf5 gxf5 14. h5 h6
15. Ke2 Ne4 16. Be1 f6 17. Bh4 Kh7 18. Rag1 Bh8 19. g4 fxg4 20. Rxg4 Rg8 21.
Rxg8 Rxg8 22. Rh2 Ng3+ 23. Bxg3 Rxg3 1/2-1/2

[Event "Oregon Closed Invitational"]
[Site "Portland, OR"]
[Date "2018.09.15"]
[Round "2.2"]
[White "Patel, Kian"]
[Black "Deeth, Steven B"]
[Result "0-1"]
[WhiteElo "2006"]
[BlackElo "2019"]
[PlyCount "58"]
[EventDate "2018.09.14"]
[EventType "tourn"]
[EventRounds "9"]
[EventCountry "USA"]
[SourceDate "2018.10.18"]

1. c4 c5 2. Nf3 Nc6 3. Nc3 e5 4. d3 Nge7 5. g3 d6 6. Bg2 g6 7. Bg5 Bg7 8. Ne4
f5 9. Nf6+ Kf7 10. Nd5 h6 11. Bd2 Be6 12. Nc3 Qd7 13. O-O g5 14. Ne1 f4 15. e3
Rag8 16. Ne4 Bf6 17. Bc3 h5 18. Qd2 Rg6 19. Nf3 h4 20. exf4 gxf4 21. Nxf6 Rxf6
22. Ng5+ Ke8 23. Nxe6 Qxe6 24. Rae1 f3 25. Bh1 Nd4 26. Bxd4 cxd4 27. Qd1 Qf5
28. Re4 hxg3 29. hxg3 Rxh1+ 0-1

[Event "Oregon Closed Invitational"]
[Site "Portland, OR"]
[Date "2018.09.15"]
[Round "2.3"]
[White "Nair, Roshen Sanjay"]
[Black "Shannon, Paul D"]
[Result "1-0"]
[WhiteElo "1953"]
[BlackElo "2000"]
[PlyCount "63"]
[EventDate "2018.09.14"]
[EventType "tourn"]
[EventRounds "9"]
[EventCountry "USA"]
[SourceDate "2018.10.18"]

1. c4 f5 2. g3 Nf6 3. Bg2 e5 4. Nc3 g6 5. d3 Bg7 6. Nf3 d6 7. O-O O-O 8. Rb1 c6
9. Bd2 Na6 10. b4 Nc7 11. b5 c5 12. Ne1 Rb8 13. b6 axb6 14. Rxb6 Ne6 15. Qb1
Qe7 16. Nc2 f4 17. Na3 Nd4 18. Nab5 fxg3 19. fxg3 Rd8 20. Bg5 Be6 21. Nxd4 exd4
22. Ne4 Rf8 23. Rxd6 h6 24. Bxf6 Bxf6 25. Qb6 Rbe8 26. Qxc5 Bg7 27. Qb6 Rxf1+
28. Kxf1 Bf5 29. c5 Qf7 30. Kg1 Qxa2 31. Nf6+ Bxf6 32. Bd5+ 1-0

[Event "Oregon Closed Invitational"]
[Site "Portland, OR"]
[Date "2018.09.15"]
[Round "2.4"]
[White "Rachmuth, Moshe"]
[Black "Sherrard, Jerry"]
[Result "1/2-1/2"]
[WhiteElo "1920"]
[BlackElo "2042"]
[PlyCount "47"]
[EventDate "2018.09.14"]
[EventType "tourn"]
[EventRounds "9"]
[EventCountry "USA"]
[SourceDate "2018.10.18"]

1. e4 c5 2. Nf3 d6 3. d4 cxd4 4. Nxd4 Nf6 5. Nc3 a6 6. h3 h6 7. g4 b5 8. a3 Bb7
9. Bg2 e6 10. O-O g5 11. Re1 Qc7 12. Nd5 exd5 13. exd5+ Kd8 14. Nf5 Nbd7 15.
Be3 Rc8 16. c3 Qc4 17. b3 Qxc3 18. Bd4 Qc2 19. Bxf6+ Nxf6 20. Qd4 Qc3 21. Qb6+
Qc7 22. Qd4 Qc3 23. Qb6+ Qc7 24. Qd4 1/2-1/2

[Event "Oregon Closed Invitational"]
[Site "Portland, OR"]
[Date "2018.09.15"]
[Round "2.5"]
[White "Cosner, Karl"]
[Black "Wu, Ethan"]
[Result "1-0"]
[WhiteElo "1995"]
[BlackElo "1951"]
[PlyCount "59"]
[EventDate "2018.09.14"]
[EventType "tourn"]
[EventRounds "9"]
[EventCountry "USA"]
[SourceDate "2018.10.18"]

1. d4 d5 2. c4 c6 3. cxd5 cxd5 4. Bf4 Nf6 5. Nc3 Nc6 6. e3 Bf5 7. Qb3 Na5 8.
Bb5+ Bd7 9. Qa4 Nc6 10. Nf3 a6 11. Bxc6 Bxc6 12. Qb3 Nh5 13. Be5 f6 14. g4 fxe5
15. dxe5 Nf6 16. exf6 exf6 17. Nd4 Qd7 18. O-O-O Qxg4 19. Nxd5 Rc8 20. Nxc6
Rxc6+ 21. Kb1 Qe4+ 22. Ka1 b5 23. Rc1 Kd7 24. Rhd1 Bd6 25. Rxc6 Kxc6 26. Qc3+
Kb7 27. Qa5 Qa4 28. Qb6+ Ka8 29. Qc6+ Ka7 30. Qd7+ 1-0

[Event "Oregon Closed Invitational"]
[Site "Portland, OR"]
[Date "2018.09.15"]
[Round "3.1"]
[White "Cosner, Karl"]
[Black "Tobin, Sean"]
[Result "1-0"]
[WhiteElo "1995"]
[BlackElo "2001"]
[PlyCount "87"]
[EventDate "2018.09.14"]
[EventType "tourn"]
[EventRounds "9"]
[EventCountry "USA"]
[SourceDate "2018.10.18"]

1. d4 Nf6 2. c4 g6 3. b4 Bg7 4. Nf3 O-O 5. e3 d6 6. Bb2 Nfd7 7. Nc3 e5 8. Be2
Nc6 9. b5 Ne7 10. O-O h6 11. Qb3 Nf5 12. Rad1 Nh4 13. g3 Nxf3+ 14. Bxf3 exd4
15. exd4 Nf6 16. Bg2 h5 17. Bc1 Bg4 18. Rde1 Qc8 19. Bg5 Bh3 20. Bxf6 Bxf6 21.
Nd5 Bd8 22. Qf3 Bxg2 23. Kxg2 Kg7 24. Re2 Qg4 25. Qxg4 hxg4 26. Re4 f5 27. Re6
Kf7 28. Rfe1 Rb8 29. Nxc7 Rc8 30. Ne8 Ba5 31. Nxd6+ Kg7 32. Re7+ Kh6 33. R1e6
Rc7 34. Rxc7 Bxc7 35. Nxb7 f4 36. gxf4 Rxf4 37. Nd6 Kg5 38. Re5+ Kh4 39. Rd5
Ba5 40. b6 axb6 41. c5 Be1 42. c6 Bxf2 43. c7 Be3 44. Ne4 1-0

[Event "Oregon Closed Invitational"]
[Site "Portland, OR"]
[Date "2018.09.15"]
[Round "3.2"]
[White "Wu, Ethan"]
[Black "Rachmuth, Moshe"]
[Result "1/2-1/2"]
[WhiteElo "1951"]
[BlackElo "1920"]
[PlyCount "101"]
[EventDate "2018.09.14"]
[EventType "tourn"]
[EventRounds "9"]
[EventCountry "USA"]
[SourceDate "2018.10.18"]

1. d4 d5 2. c4 e6 3. Nc3 Be7 4. Nf3 Nf6 5. Bg5 h6 6. Bh4 O-O 7. e3 Ne4 8. Bxe7
Qxe7 9. Bd3 Nxc3 10. bxc3 dxc4 11. Bxc4 b6 12. e4 Bb7 13. Qe2 Nd7 14. O-O c5
15. Rfd1 cxd4 16. cxd4 Rad8 17. e5 Nb8 18. Bd3 Rd7 19. Be4 Bxe4 20. Qxe4 Rc7
21. d5 exd5 22. Qxd5 Rfc8 23. Qd6 Rd7 24. Qxe7 Rxe7 25. Rac1 Rce8 26. h3 Nd7
27. Nh4 g6 28. f4 Nc5 29. Rd6 Rc7 30. Rcd1 Ree7 31. Rd8+ Kh7 32. R8d6 Red7 33.
f5 gxf5 34. Nxf5 Rxd6 35. Rxd6 Ne6 36. Nd4 Nxd4 37. Rxd4 Re7 38. Rd5 Kg6 39. g4
Re6 40. Kf2 a6 41. h4 f6 42. exf6 Rxf6+ 43. Kg3 b5 44. Rd7 Rc6 45. h5+ Kf6 46.
Rh7 Ke5 47. Rd7 Rf6 48. g5 hxg5 49. Kg4 Rf2 50. Kxg5 Rg2+ 51. Kh6 1/2-1/2

[Event "Oregon Closed Invitational"]
[Site "Portland, OR"]
[Date "2018.09.15"]
[Round "3.3"]
[White "Sherrard, Jerry"]
[Black "Nair, Roshen Sanjay"]
[Result "1-0"]
[WhiteElo "2042"]
[BlackElo "1953"]
[PlyCount "137"]
[EventDate "2018.09.14"]
[EventType "tourn"]
[EventRounds "9"]
[EventCountry "USA"]
[SourceDate "2018.10.18"]

1. e4 e5 2. Nf3 Nc6 3. Bc4 Bc5 4. c3 Nf6 5. d3 O-O 6. Bb3 d6 7. Bg5 h6 8. Bh4
g5 9. Bg3 Bg4 10. h4 Kg7 11. hxg5 hxg5 12. Qd2 Nh7 13. Nh2 Bd7 14. Nf1 f6 15.
Ne3 Rh8 16. Qe2 Qe8 17. Nd5 Rc8 18. Qf3 Qg6 19. Nd2 b5 20. O-O-O Bb6 21. Nf1
Rce8 22. Nfe3 Ne7 23. Nxe7 Rxe7 24. Nf5+ Bxf5 25. exf5 Qe8 26. Qg4 Nf8 27. Rh3
Rh7 28. Rdh1 Kh8 29. Rh6 Qd8 30. R1h5 Rxh6 31. Rxh6+ Rh7 32. Rxh7+ Nxh7 33. Be6
Qe8 34. Qe4 c6 35. c4 Nf8 36. cxb5 Nxe6 37. fxe6 cxb5 38. Qd5 Qe7 39. f3 Kg7
40. Be1 Bc5 41. a3 f5 42. Qc6 Qxe6 43. Qxb5 Qc8 44. Kb1 Qc7 45. Qc4 Qf7 46. Qc1
Kg6 47. Bd2 Qb3 48. Qc2 Qb7 49. Qc4 Qg7 50. Qe6+ Qf6 51. Qe8+ Kh6 52. g4 f4 53.
Kc2 Kg7 54. Ba5 Bb6 55. Bb4 Bc7 56. Qa8 Bb6 57. Qc6 Qe6 58. Qxd6 Qxd6 59. Bxd6
Kf6 60. b4 Ke6 61. Bf8 a6 62. Kc3 Kf7 63. Bc5 Bc7 64. Kc4 Ke6 65. a4 Bd8 66. b5
axb5+ 67. axb5 Bc7 68. b6 Bb8 69. Bb4 1-0

[Event "Oregon Closed Invitational"]
[Site "Portland, OR"]
[Date "2018.09.15"]
[Round "3.4"]
[White "Shannon, Paul D"]
[Black "Patel, Kian"]
[Result "1-0"]
[WhiteElo "2000"]
[BlackElo "2006"]
[PlyCount "67"]
[EventDate "2018.09.14"]
[EventType "tourn"]
[EventRounds "9"]
[EventCountry "USA"]
[SourceDate "2018.10.18"]

1. d4 Nf6 2. Nf3 c5 3. d5 e6 4. c4 b5 5. dxe6 fxe6 6. Bg5 Be7 7. Nbd2 O-O 8. g3
bxc4 9. Bg2 Nc6 10. Nxc4 d5 11. Nce5 Nxe5 12. Nxe5 Qc7 13. Nf3 Rb8 14. Qc2 Bd6
15. O-O Ne4 16. Bc1 Bb7 17. b3 d4 18. Bb2 Bd5 19. Nxd4 cxd4 20. Bxe4 Qb7 21.
Bxh7+ Kh8 22. f3 Rbc8 23. Qd3 Rf6 24. Bxd4 Rh6 25. Be4 Qf7 26. Be3 Bc5 27. Bxd5
Qh5 28. h4 g5 29. Bxc5 gxh4 30. g4 Rg6 31. Bd4+ e5 32. Be6 Rf8 33. Kh1 Qg5 34.
Bxe5+ 1-0

[Event "Oregon Closed Invitational"]
[Site "Portland, OR"]
[Date "2018.09.15"]
[Round "3.5"]
[White "Deeth, Steven B"]
[Black "Richardson, Ryan"]
[Result "1/2-1/2"]
[WhiteElo "2019"]
[BlackElo "2080"]
[PlyCount "42"]
[EventDate "2018.09.14"]
[EventType "tourn"]
[EventRounds "9"]
[EventCountry "USA"]
[SourceDate "2018.10.18"]

1. d4 Nf6 2. c4 g6 3. Nc3 Bg7 4. e4 d6 5. f3 a6 6. Be3 c6 7. Bd3 b5 8. e5 dxe5
9. dxe5 Nfd7 10. f4 Nb6 11. cxb5 axb5 12. Bxb5 Qxd1+ 13. Rxd1 cxb5 14. Bxb6 Nd7
15. Nxb5 O-O 16. Bd4 Bb7 17. Kf2 Rxa2 18. Nf3 Rb8 19. Na3 Nf8 20. g3 Ne6 21.
Bc3 Nc5 1/2-1/2

[Event "Oregon Closed Invitational"]
[Site "Portland, OR"]
[Date "2018.09.16"]
[Round "4.1"]
[White "Tobin, Sean"]
[Black "Deeth, Steven B"]
[Result "1/2-1/2"]
[WhiteElo "2001"]
[BlackElo "2019"]
[PlyCount "55"]
[EventDate "2018.09.14"]
[EventType "tourn"]
[EventRounds "9"]
[EventCountry "USA"]
[SourceDate "2018.10.18"]

1. d4 d5 2. Nf3 Nf6 3. b4 Bf5 4. Bf4 e6 5. a3 Bd6 6. Bg3 h6 7. e3 Qe7 8. Nbd2
Nbd7 9. Bd3 Bxd3 10. cxd3 Bxg3 11. hxg3 c6 12. Nb3 e5 13. dxe5 Nxe5 14. Nxe5
Qxe5 15. Qc2 O-O 16. d4 Qg5 17. Nd2 Rfe8 18. Nf3 Qg4 19. Ne5 Qe6 20. O-O Ne4
21. Nd3 Nd6 22. Rfe1 a6 23. Rab1 Nc4 24. Qc3 Qe7 25. Nb2 Nd6 26. Nd3 Nc4 27.
Nb2 Nd6 28. Nd3 1/2-1/2

[Event "Oregon Closed Invitational"]
[Site "Portland, OR"]
[Date "2018.09.16"]
[Round "4.2"]
[White "Richardson, Ryan"]
[Black "Shannon, Paul D"]
[Result "1-0"]
[WhiteElo "2080"]
[BlackElo "2000"]
[PlyCount "71"]
[EventDate "2018.09.14"]
[EventType "tourn"]
[EventRounds "9"]
[EventCountry "USA"]
[SourceDate "2018.10.18"]

1. e4 c6 2. d4 d5 3. exd5 cxd5 4. c4 Nf6 5. Nc3 e6 6. Nf3 Nc6 7. c5 Be7 8. Bb5
O-O 9. O-O Qc7 10. Re1 Bd7 11. Bg5 a6 12. Bxc6 Bxc6 13. b4 Ne4 14. Bxe7 Nxc3
15. Qc2 Qxe7 16. Qxc3 Bb5 17. a4 Bd7 18. Qb3 Qf6 19. Ne5 Rfd8 20. b5 Be8 21. c6
bxc6 22. b6 Rdb8 23. a5 Qe7 24. Rec1 Qb7 25. Qc3 Rc8 26. Nd3 Rcb8 27. Nc5 Qe7
28. Qd3 Qf6 29. Rd1 e5 30. dxe5 Qxe5 31. Nxa6 Rb7 32. Nc5 Rxb6 33. axb6 Rxa1
34. b7 Ra5 35. Na6 Rb5 36. Qxb5 1-0

[Event "Oregon Closed Invitational"]
[Site "Portland, OR"]
[Date "2018.09.16"]
[Round "4.3"]
[White "Patel, Kian"]
[Black "Sherrard, Jerry"]
[Result "1-0"]
[WhiteElo "2006"]
[BlackElo "2042"]
[PlyCount "97"]
[EventDate "2018.09.14"]
[EventType "tourn"]
[EventRounds "9"]
[EventCountry "USA"]
[SourceDate "2018.10.18"]

1. Nf3 d5 2. e3 Bg4 3. Be2 Nd7 4. c4 dxc4 5. Qa4 c6 6. Qxc4 Ngf6 7. d4 e6 8.
Nc3 Qa5 9. h3 Bf5 10. O-O Qb4 11. Nh4 Qxc4 12. Bxc4 Bc2 13. Bd2 h6 14. Nf3 Nb6
15. Be2 Be7 16. Rfc1 Bh7 17. Ne5 O-O 18. a3 a5 19. Na2 Ne4 20. Be1 c5 21. f3
Nf6 22. dxc5 Nbd5 23. e4 Nf4 24. Bf1 a4 25. Rc4 Rfc8 26. Rac1 Ng6 27. Nxg6 Bxg6
28. Bf2 Nd7 29. c6 bxc6 30. Rxc6 Rxc6 31. Rxc6 Ne5 32. Rc1 f5 33. exf5 Bxf5 34.
Nb4 Rb8 35. f4 Bxb4 36. axb4 Ng6 37. Rc4 Ne7 38. Bc5 Nd5 39. Kf2 Nf6 40. Ke3
Nd7 41. Bd4 Nb6 42. Bxb6 Rxb6 43. b5 g5 44. Rxa4 Kf7 45. Ra6 Rb8 46. g4 Bc2 47.
Bc4 gxf4+ 48. Kxf4 Re8 49. Ke5 1-0

[Event "Oregon Closed Invitational"]
[Site "Portland, OR"]
[Date "2018.09.16"]
[Round "4.4"]
[White "Nair, Roshen Sanjay"]
[Black "Wu, Ethan"]
[Result "1-0"]
[WhiteElo "1953"]
[BlackElo "1951"]
[PlyCount "81"]
[EventDate "2018.09.14"]
[EventType "tourn"]
[EventRounds "9"]
[EventCountry "USA"]
[SourceDate "2018.10.18"]

1. c4 e6 2. g3 d5 3. Bg2 Nf6 4. Nf3 c5 5. cxd5 exd5 6. d4 Nc6 7. O-O cxd4 8.
Nxd4 Bc5 9. Nxc6 bxc6 10. Nc3 O-O 11. Na4 Bd6 12. Be3 Re8 13. Qc2 Bd7 14. Bd4
Qe7 15. e3 Ne4 16. Rac1 Rac8 17. Nc5 f5 18. b4 h5 19. Nxe4 fxe4 20. Bc5 h4 21.
Rfd1 Bg4 22. Rd2 Qe6 23. Bxd6 Qxd6 24. Bxe4 Qxb4 25. Bh7+ Kh8 26. Rd4 Qxd4 27.
exd4 Re2 28. Qg6 Bf3 29. Qf5 Rce8 30. Qxf3 hxg3 31. hxg3 Kxh7 32. Kf1 R2e6 33.
Rxc6 Rxc6 34. Qh5+ Rh6 35. Qxe8 Ra6 36. Qe2 Rd6 37. Qh5+ Kg8 38. Qe8+ Kh7 39.
Qa4 a6 40. Qa5 Kg6 41. Qc5 1-0

[Event "Oregon Closed Invitational"]
[Site "Portland, OR"]
[Date "2018.09.16"]
[Round "5.1"]
[White "Rachmuth, Moshe"]
[Black "Tobin, Sean"]
[Result "1-0"]
[WhiteElo "1920"]
[BlackElo "2018"]
[PlyCount "207"]
[EventDate "2018.09.14"]
[EventType "tourn"]
[EventRounds "9"]
[EventCountry "USA"]
[SourceDate "2018.10.18"]

1. e4 e6 2. d4 d5 3. exd5 exd5 4. Nf3 Bd6 5. c4 c6 6. Nc3 Ne7 7. cxd5 cxd5 8.
Be2 Nbc6 9. O-O Bf5 10. Bg5 f6 11. Bh4 O-O 12. Qd2 Qd7 13. Bg3 Kh8 14. Nh4 Be6
15. Bxd6 Qxd6 16. f4 f5 17. Nf3 Rf6 18. Ne5 Raf8 19. Rfd1 Nc8 20. Rac1 Bg8 21.
Na4 Rd8 22. Nc5 Qe7 23. Nxc6 bxc6 24. Re1 Nd6 25. Bf3 Ne4 26. Qc2 Rh6 27. Nd3
Bf7 28. Ne5 Be8 29. g3 g5 30. Bxe4 fxe4 31. Qc5 Rdd6 32. f5 Rhf6 33. g4 h5 34.
h3 hxg4 35. hxg4 Rh6 36. Kg2 Qh7 37. Rh1 Kg7 38. Qxa7+ Kg8 39. Qxh7+ Kxh7 40.
Rxh6+ Kxh6 41. b4 Kg7 42. Rc3 Kf8 43. Rh3 Kg7 44. a3 Rd8 45. Rc3 Ra8 46. Kf2
Ra6 47. Ke3 Kf6 48. Kd2 Ra4 49. Nxc6 Bxc6 50. Rxc6+ Ke7 51. Rc3 Ra8 52. Kc2 Kd6
53. Kb3 Re8 54. Re3 Kc6 55. a4 Kb6 56. Kc2 Rh8 57. Rc3 Rh2+ 58. Kd1 Rh1+ 59.
Ke2 Rh2+ 60. Kf1 Rh4 61. Rg3 Rh8 62. Rg2 Rh6 63. Rf2 Rf6 64. Kg2 Rf7 65. f6 Kc6
66. Rf5 Kd6 67. b5 Ke6 68. a5 Kd6 69. Rf2 Kc7 70. Rf5 Kb7 71. Rxg5 Rxf6 72.
Rxd5 Rf4 73. Rd7+ Kc8 74. Re7 Rxg4+ 75. Kh3 Rg8 76. Rxe4 Rd8 77. Kg3 Rd5 78.
Re5 Rxd4 79. Kf3 Ra4 80. b6 Rd4 81. Ke3 Rd8 82. a6 Kb8 83. Ke4 Rh8 84. Kd5 Rg8
85. Kd6 Rh8 86. Re6 Rd8+ 87. Ke5 Rh8 88. Rf6 Rg8 89. Ke6 Re8+ 90. Kd7 Rh8 91.
Rf7 Rg8 92. Re7 Ka8 93. Kc7 Rh8 94. Rd7 Rc8+ 95. Kd6 Rh8 96. b7+ Ka7 97. Kc7
Rb8 98. Rd8 Rxd8 99. Kxd8 Kb8 100. Kd7 Ka7 101. Kc7 Kxa6 102. b8=Q Ka5 103. Qb3
Ka6 104. Qb6# 1-0

[Event "Oregon Closed Invitational"]
[Site "Portland, OR"]
[Date "2018.09.16"]
[Round "5.2"]
[White "Cosner, Karl"]
[Black "Nair, Roshen Sanjay"]
[Result "1-0"]
[WhiteElo "1995"]
[BlackElo "1953"]
[PlyCount "83"]
[EventDate "2018.09.14"]
[EventType "tourn"]
[EventRounds "9"]
[EventCountry "USA"]
[SourceDate "2018.10.18"]

1. c4 e5 2. Nc3 d6 3. d3 f5 4. g3 Nf6 5. Bg2 Be7 6. Nf3 O-O 7. O-O Qe8 8. b4
Qh5 9. Nd5 Bd8 10. a4 Ng4 11. h3 Nf6 12. Nh2 c6 13. Nxf6+ Bxf6 14. e4 Qg6 15.
Bf3 Qf7 16. h4 f4 17. Bg4 d5 18. Bxc8 Rxc8 19. Qe2 h5 20. Nf3 Qg6 21. Kh2 fxg3+
22. fxg3 Na6 23. Ba3 Nc7 24. b5 Qg4 25. Ng1 Qg6 26. Rf5 Ne6 27. Bb2 dxc4 28.
dxc4 Rd8 29. Ra2 Nd4 30. Bxd4 exd4 31. Qd3 Qe8 32. Raf2 Qe6 33. e5 Be7 34. Rxh5
g6 35. Rf6 Bxf6 36. Qxg6+ Kf8 37. exf6 Qg8 38. Qh6+ Ke8 39. Re5+ Kd7 40. bxc6+
bxc6 41. Re7+ Kc8 42. f7 1-0

[Event "Oregon Closed Invitational"]
[Site "Portland, OR"]
[Date "2018.09.16"]
[Round "5.3"]
[White "Wu, Ethan"]
[Black "Patel, Kian"]
[Result "1-0"]
[WhiteElo "1951"]
[BlackElo "2006"]
[PlyCount "29"]
[EventDate "2018.09.14"]
[EventType "tourn"]
[EventRounds "9"]
[EventCountry "USA"]
[SourceDate "2018.10.18"]

1. d4 e6 2. c4 f5 3. Nc3 Nf6 4. Nf3 Be7 5. g3 O-O 6. Bg2 d5 7. O-O c6 8. Qb3
Qe8 9. Ng5 b6 10. cxd5 Nxd5 11. Nxd5 Bxg5 12. Nc7 Qf7 13. Nxa8 Bxc1 14. Raxc1
Qb7 15. Nxb6 1-0

[Event "Oregon Closed Invitational"]
[Site "Portland, OR"]
[Date "2018.09.16"]
[Round "5.4"]
[White "Sherrard, Jerry"]
[Black "Richardson, Ryan"]
[Result "0-1"]
[WhiteElo "2042"]
[BlackElo "2080"]
[PlyCount "84"]
[EventDate "2018.09.14"]
[EventType "tourn"]
[EventRounds "9"]
[EventCountry "USA"]
[SourceDate "2018.10.18"]

1. e4 c5 2. Nf3 d6 3. d4 cxd4 4. Nxd4 Nf6 5. Nc3 a6 6. h3 e6 7. g4 h6 8. Bg2
Be7 9. Be3 g5 10. Nde2 Nbd7 11. Qd2 Nc5 12. b3 Nfd7 13. Ng3 b5 14. a4 b4 15.
Nce2 a5 16. O-O Ba6 17. Rfd1 Rc8 18. Rac1 Ne5 19. Nd4 Qb6 20. Bf1 Bb7 21. Bb5+
Kf8 22. Qe2 Kg7 23. Nf3 Rhd8 24. Bd4 Qc7 25. Qe3 Kf8 26. Be2 Ng6 27. Nh5 Bxe4
28. Bxc5 Bxf3 29. Bb6 Qxb6 30. Qxb6 Bxe2 31. Rd2 Bf3 32. Qxa5 d5 33. c3 d4 34.
Ng3 bxc3 35. Rd3 Ba8 36. Ne2 e5 37. f3 f6 38. Qa6 Bd5 39. Qb5 Rb8 40. Qa5 Ra8
41. Qb6 Rdb8 42. Qc7 Rb7 0-1